Music Quiz

Random Music or Song Quiz

Songs With Celestial Titles Quiz Stats

 Plays Quiz not verified by Sporcle

Score 0/24 Timer 08:00
0 Plays Today
% Correct
Total Eclipse Of The Heart
92.7%
Fly Me To The Moon
88.1%
Bad Moon Rising
87.2%
Man On the Moon
77.1%
Champagne Supernova
73.4%
Life On Mars?
70.6%
Drops Of Jupiter
66.1%
Walking On The Moon
65.1%
Lucky Star
63.3%
Moonshadow
48.6%
A Sky Full Of Stars
42.2%
The Sun Ain't Gonna Shine Anymore
35.8%
% Correct
Moon over Bourbon Street
34.9%
Stars
29.4%
The Whole Of The Moon
28.4%
Venus and Mars
27.5%
Venus as a boy
25.7%
Valleys of Neptune
23.9%
Like A Star
21.1%
Jupiter Crash
20.2%
Subway to venus
19.3%
Meteorite
19.3%
Chasing the Sun
16.5%
Andromeda
13.8%

You're not logged in!

Compare scores with friends on all Sporcle quizzes.
OR
Log In

Sporcle TV

Today on Sporcle TV


Watch our educational content, quiz creation guides, and fun videos on Sporcle TV.

Show Comments

Extras

Top Quizzes Today


Score Distribution

Your Account Isn't Verified!

In order to create a playlist on Sporcle, you need to verify the email address you used during registration. Go to your Sporcle Settings to finish the process.

Report this User

Report this user for behavior that violates our Community Guidelines.

Details: